000
00265nam a22001217a 4500
082
_a
303.6250954 DHA V1
100
_a
Dharkar, Anil
245
_a
Crime Against Humanity
260
_a
Mumbai
_b
Anil Dharkar
_c
200
300
_a
302
650
_a
Violence
942
_c
BK
999
_c
21140
_d
21140